| 000 | 00000nam##2200000za#4500 |
| 001 | 9.643452 |
| 003 | CaOODSP |
| 005 | 20241128084218 |
| 007 | cr ||||||||||| |
| 008 | 150407|1956||||xxc|||||o f|0| 0 fre|d |
| 040 | |aCaOODSP|bfre |
| 043 | |an-cn--- |
| 086 | 1 |aA53-918/1956F-PDF |
| 110 | 1 |aCanada. |bService des fermes expérimentales. |
| 245 | 13|aLa culture de la pomme de terre au Canada / |h[ressource électronique]|cpar N.M. Parks. |
| 260 | |aOttawa - Ontario : |bAgriculture Canada. |cSeptembre 1956. |
| 300 | |a44p.|bfigure, tableaux, photographies |
| 500 | |aPublication historique numérisée par Agriculture et Agroalimentaire Canada. -- For a later edition in English, please see the publication catalogued under A53-918/1958E-PDF. |
| 590 | |a15-01-Supp|b2015-01-26 |
| 691 | 07|aCultures maraîchères|2gcpds |
| 691 | 07|aPomme de terre|2gcpds |
| 856 | 40|ahttp://publications.gc.ca|qPDF|s4.8 MB|uhttps://publications.gc.ca/collections/collection_2014/aac-aafc/agrhist/A53-918-1956-fra.pdf |
| 986 | |a918 |